|
|
|
|
| LEADER |
01237nam a2200313 i 4500 |
| 001 |
17649 |
| 003 |
BD-DhAAL |
| 005 |
20140507121128.0 |
| 008 |
140507s1977 nyua b 001 0 eng d |
| 010 |
|
|
|a 76009597
|
| 020 |
|
|
|a 039449590X
|
| 020 |
|
|
|a 039473257X (Pbk)
|
| 040 |
|
|
|a DLC
|c DLC
|d DLC
|d BD-DhAAL
|
| 041 |
|
|
|a eng
|
| 050 |
0 |
0 |
|a HD6095
|b .W47 1977
|
| 082 |
0 |
0 |
|a 331.4/0973
|
| 100 |
1 |
|
|a Wertheimer, Barbara M.
|9 4425
|
| 245 |
1 |
0 |
|a We were there :
|b the story of working women in America /
|c Barbara Mayer Wertheimer, with the research assistance of Ida Goshkin and Ellen Wertheimer.
|
| 250 |
|
|
|a 1st ed.
|
| 260 |
|
|
|a New York :
|b Pantheon Books,
|c c1977.
|
| 300 |
|
|
|a xx, 427 p. :
|b ill. ;
|c 24 cm.
|
| 500 |
|
|
|a Includes index.
|
| 504 |
|
|
|a Bibliography: p. 399-417.
|
| 541 |
|
|
|e 17649
|
| 650 |
|
0 |
|a Women
|x Employment
|z United States
|x History.
|9 4426
|
| 650 |
|
0 |
|a Women labor union members
|z United States
|x History.
|9 4427
|
| 942 |
|
|
|2 ddc
|c BK
|
| 999 |
|
|
|c 14326
|d 14326
|
| 952 |
|
|
|0 0
|1 0
|2 ddc
|4 1
|6 331_409730000000000_WER
|7 0
|9 24291
|a ENH
|b ENH
|c GEN
|d 2014-05-07
|l 0
|o 331.40973 WER
|p 3010017649
|r 2014-05-07
|t 1
|w 2014-05-07
|y BK
|x Departmental-issued damaged books were found in the ENH department for the reason of termites eaten in 2016
|